|
|
|
|
| LEADER |
01720nam a2200421 4500 |
| 001 |
ocn755098494 |
| 003 |
OCoLC |
| 005 |
20180501121945.0 |
| 006 |
m o d |
| 007 |
cr mn||||||||| |
| 008 |
110930s1990 caua ob 001 0 eng d |
| 040 |
|
|
|a COF
|b eng
|e pn
|c COF
|d OPELS
|d OCLCQ
|d OPELS
|d OCLCF
|d KUK
|d OCLCQ
|d KIJ
|d GrThAP
|
| 020 |
|
|
|a 0121820904
|q (electronic bk.)
|
| 020 |
|
|
|a 9780121820909
|q (electronic bk.)
|
| 035 |
|
|
|a (OCoLC)755098494
|
| 050 |
|
4 |
|a QP601
|
| 080 |
|
|
|a 577.15.08
|
| 082 |
0 |
4 |
|a 572.5
|2 22
|
| 049 |
|
|
|a TEFA
|
| 245 |
0 |
0 |
|a Retinoids.
|n Part A,
|p Molecular and metabolic aspects /
|c edited by Lester Packer.
|
| 260 |
|
|
|a San Diego :
|b Academic Press,
|c ©1990.
|
| 300 |
|
|
|a 1 online resource (xxxii, 583 pages) :
|b illustrations.
|
| 336 |
|
|
|a text
|b txt
|2 rdacontent
|
| 337 |
|
|
|a computer
|b c
|2 rdamedia
|
| 338 |
|
|
|a online resource
|b cr
|2 rdacarrier
|
| 490 |
1 |
|
|a Methods in enzymology ;
|v v. 189
|
| 504 |
|
|
|a Includes bibliographical references and indexes.
|
| 500 |
|
|
|a Electronic version lacks part title.
|
| 588 |
0 |
|
|a Print version record.
|
| 520 |
|
|
|a The methods in Volumes 189 and 190 apply to the use of retinoids in basic research in molecular, cellular, and development biology and in clinical medicine.
|
| 650 |
|
0 |
|a Retinoids.
|
| 650 |
|
7 |
|a Retinoids.
|2 fast
|0 (OCoLC)fst01096230
|
| 650 |
0 |
2 |
|a Retinoids [MESH]
|
| 655 |
|
4 |
|a Electronic books.
|
| 700 |
1 |
|
|a Packer, Lester.
|
| 776 |
0 |
8 |
|i Print version:
|t Retinoids. Part A, Molecular and metabolic aspects.
|d San Diego : Academic Press, ©1990
|z 0121820904
|w (OCoLC)22746512
|
| 830 |
|
0 |
|a Methods in enzymology ;
|v v. 189.
|
| 856 |
4 |
0 |
|u https://www.sciencedirect.com/science/bookseries/00766879/189
|z Full Text via HEAL-Link
|